200 in Different Languages - Statistics

General Stats
  • This quiz has been taken 7 times
  • The average score is 4 of 15
Answer Stats
Language Word(s) % Correct
French Deux cents
83%
English Two hundred
83%
Spanish Doscientos
67%
Binary 011001000
50%
Hexadecimal C8
33%
Esperanto Ducent
17%
Latin Ducenti
17%
Mandarin Èrbǎi
17%
Vietnamese Hai trăm
17%
Hebrew Mati'im
17%
Arabic Miatan
17%
Quenya Elvish Yutuksa
17%
Haitian Creole De san
0%
Hindi Do sau
0%
Portuguese Duzentos
0%
No matching quizzes found
Score Distribution
Percent of People with Each Score
Percentile by Number Answered
Your Score History
You have not taken this quiz